Capoluoghi delle collettività d'oltremare francesi - Statistics

Statistiche generali
  • Questo quiz è stato fatto 2 volte
  • Il punteggio medio è 2 su 5
Statistiche sulle risposte
Collettività Capoluogo % Corretto
Polinesia francese Papeete
100%
Saint-Barthélemy Gustavia
50%
Saint-Martin Marigot
0%
Wallis e Futuna Matāʻutu
0%
Saint-Pierre e Miquelon Saint-Pierre
0%
Nessun quiz corrispondente trovato
Distribuzione punteggi
Percentuale di utenti per punteggio
Percentile per numero di risposta
I tuoi punteggi nel tempo
Non hai fatto questo quiz